BLOOD-DRENCHED ALTARS : MEXICAN STUDY AND COMMENT /
INDICE: p. 503-521
-д хадгалсан:
| Үндсэн зохиолч: | |
|---|---|
| Формат: | Ном |
| Нөхцлүүд: | |
| Шошгууд: |
Шошго байхгүй, Энэхүү баримтыг шошголох эхний хүн болох!
|
MARC
| LEADER | 00000nam^a2200000^a^4500 | ||
|---|---|---|---|
| 001 | 000257788 | ||
| 005 | 20250526000000.0 | ||
| 009 | 20260310110304.145 | ||
| 035 | |a C23471 | ||
| 037 | |a Acervo Xavier Clavigero | ||
| 082 | |a 972. |b KEL | ||
| 100 | |a Kelley, Francis Clement |e (autor) | ||
| 245 | 1 | 0 | |a BLOOD-DRENCHED ALTARS : |b MEXICAN STUDY AND COMMENT / |c FRANCIS CLEMENT KELLEY |
| 264 | |a MILWAUKEE : |b THE BRUCE PUBLISHING COMPANY, |c 1935 | ||
| 300 | |a 521 p. : |b il. | ||
| 336 | |a texto |b txt |2 rdacontenido | ||
| 337 | |a sin mediación |b n |2 rdamedio | ||
| 338 | |a volumen |b nc |2 rdasoporte | ||
| 520 | |a INDICE: p. 503-521 | ||
| 649 | |a XX | ||
| 650 | |||
| 650 | |a Iglesia y Estado | ||
| 650 | |a * Persecución | ||
| 650 | |a Iglesia Católica en México - |x Historia | ||
| 650 | |a Relaciones Internacionales - |z México-EUA | ||
| 910 | |a Fondo Jesús Gómez Fregoso S.J. FXC | ||
| 920 | |a Impresos - Libros | ||
| 930 | |a Libros Antiguos y Raros | ||
| 940 | |a Guerra Cristera | ||
| 905 | |a 110 | ||
| 901 | |a 023471 |b IT2 |c LRA |i C23471 |u 20250526 | ||
| 902 | |a https://opac.biblio.iteso.mx/vufind/Record/000257788 | ||